Municipis cuidadors : Cap a una estratègia municipal de cures Cap a una estratègia municipal de cures
Descripción Física:
1 punt de llibre ; il·lustrat color ; 20 x 6 cm
Materias:
Punts de llibre
Idioma:
Catalán
MARC
| LEADER | 00000nrm a22000007a 4500 | ||
|---|---|---|---|
| 001 | 28525 | ||
| 003 | AGDB | ||
| 005 | 20260324181525.0 | ||
| 008 | 240506b spa||||| |||| 00| 0 cat d | ||
| 017 | |a B 6356-2023 | ||
| 040 | |a agdb |b cat | ||
| 110 | |a Barcelona (Catalunya : Província). |b Àrea de Sostenibilitat Social, Cicle de Vida i Comunitat |9 70555 | ||
| 245 | |a Municipis cuidadors : |b Cap a una estratègia municipal de cures | ||
| 260 | |a Barcelona : |b Diputació de Barcelona ; |c 2023 | ||
| 300 | |a 1 punt de llibre ; |b il·lustrat color ; |c 20 x 6 cm | ||
| 500 | |a Conté un codi QR amb l'enllaç al Portal de l'Àrea de Sostenibilitat Social, Cicle de Vida i Comunitat de la Diputació de Barcelona. | ||
| 655 | 0 | |a Punts de llibre |9 52700 | |
| 942 | |c ARXIU |n 1 | ||
| 952 | |0 0 |1 0 |4 0 |6 NBM186 |7 1 |9 97016 |a Arxiu |b Arxiu |d 2024-05-06 |l 0 |o NBM-18-6 |p 28525 |r 2024-05-06 00:00:00 |w 2024-05-06 |y ARXIU | ||
| 999 | |c 128851 |d 128851 | ||